| 000 | 02374cam a2200253 i 4500 | ||
|---|---|---|---|
| 001 | on1414370496 | ||
| 003 | OCoLC | ||
| 005 | 20250331132742.0 | ||
| 008 | 231216t20242024enk b 001 0 eng d | ||
| 020 |
_a9781509560547 _q(hardcover) |
||
| 035 | _a(OCoLC)1414370496 | ||
| 040 |
_aYDX _beng _erda _cYDX _dSINLB _dOCLCO _dMNJ _dIMD _dLE# _dYDX _dIMT _dIG# _dVP@ |
||
| 050 | 4 |
_aPE1112 _b.P85 2024 |
|
| 100 |
_aPullum, Geoffrey K., _eauthor. _925096 |
||
| 245 | 1 | 4 |
_aThe truth about English grammar _c/ Geoffrey K. Pullum. |
| 264 | 1 |
_aCambridge, UK ; _aHoboken, NJ : _bPolity Press, _c2024. |
|
| 300 |
_axii, 189 pages ; _c23 cm. |
||
| 504 | _aIncludes bibliographical references (pages 171-177) and index. | ||
| 505 | 0 | _aClauses, sentences, and phrases — Types of words — Clause types — Nouns and their phrases — Determinatives — Verbs — Adjectives — Adverbs — Prepositions — Coordinators, subordinators, and interjections — Content clauses — Tenseless subordinate clauses — Passive clauses — Relative clauses — Mythical grammar errors — Spelling and punctuation — Style. | |
| 520 | _a"Do you worry that your understanding of English grammar isn't what it should be? It may not be your fault. For hundreds of years, vague and confused ideas about how to state the rules have been passed down from one generation to the next. The available books for the general reader - thousands of them, shamelessly plagiarizing each other - repeat the same misguided definitions and generalizations that appeared in the schoolbooks used by your great-great-grandparents. Geoffrey K. Pullum thinks you deserve better. In this book he breaks away from the tradition. Presupposing no prior knowledge or technical terms, he provides an informal introduction to the essential concepts underlying grammar and usage. With his foundation, you will be equipped to understand the classification of words, the structure of phrases and clauses, and why some supposed grammar rules are really just myths. Also covered are some of the key points about spelling, apostrophes, hyphens, capitalization, and punctuation. Illuminating, witty, and incisive, The Truth About English Grammar is a vital book for all who love writing, reading, and thinking about English"-- Dust jacket flap. | ||
| 650 | 0 |
_aEnglish grammar _xGrammar. |
|
| 650 | 0 |
_aEnglish language _922368 |
|
| 942 | _2lcc | ||
| 999 |
_c4615 _d4615 |
||